The Human body in health & disease / (Record no. 99076)

MARC details
000 -LEADER
fixed length control field 01041cam a2200301 i 4500
005 - DATE AND TIME OF LATEST TRANSACTION
control field 20260316141653.0
008 - FIXED-LENGTH DATA ELEMENTS--GENERAL INFORMATION
fixed length control field 240522s2024 moua b 001 0 eng
020 ## - INTERNATIONAL STANDARD BOOK NUMBER
International Standard Book Number 978-0-32373-414-1
040 ## - CATALOGING SOURCE
Language of cataloging English
Description conventions rda
Transcribing agency URS
050 00 - LIBRARY OF CONGRESS CALL NUMBER
Classification number QP34.5
Item number .H8801 2024
245 14 - TITLE STATEMENT
Title The Human body in health & disease /
Statement of responsibility, etc Kevin T. Patton... [and three others].
246 1# - VARYING FORM OF TITLE
Title proper/short title Human body in health and disease
250 ## - EDITION STATEMENT
Edition statement 8th edition.
264 #1 - PUBLICATION, DISTRIBUTION, ETC. (IMPRINT)
Place of publication, distribution, etc St. Louis, MO :
Name of publisher, distributor, etc Elsevier,
Date of publication, distribution, etc 2024.
300 ## - PHYSICAL DESCRIPTION
Extent 824 pages :
Other physical details illustrations ;
Dimensions 28 cm.
336 ## - CONTENT TYPE
Content type term text
Content type code txt
Source rdacontent
337 ## - MEDIA TYPE
Media type term unmediated
Media type code n
Source rdamedia
338 ## - CARRIER TYPE
Carrier type term volume
Carrier type code nc
Source rdacarrier
504 ## - BIBLIOGRAPHY, ETC. NOTE
Bibliography, etc Includes bibliographical references and index.
650 #0 - SUBJECT ADDED ENTRY--TOPICAL TERM
Topical term or geographic name as entry element Human physiology.
9 (RLIN) 1281
650 #0 - SUBJECT ADDED ENTRY--TOPICAL TERM
Topical term or geographic name as entry element Human anatomy.
9 (RLIN) 1280
650 #0 - SUBJECT ADDED ENTRY--TOPICAL TERM
Topical term or geographic name as entry element Physiology, Pathological.
9 (RLIN) 5523
700 ## - ADDED ENTRY--PERSONAL NAME
Personal name Patton, Kevin T.,
Relator term author.
9 (RLIN) 6735
700 ## - ADDED ENTRY--PERSONAL NAME
Personal name Bell, Frank B.,
Relator term author.
9 (RLIN) 6732
700 ## - ADDED ENTRY--PERSONAL NAME
Personal name Thompson, Terry,
Relator term author.
9 (RLIN) 6733
700 ## - ADDED ENTRY--PERSONAL NAME
Personal name Williamson, Peggie L.,
Relator term author.
9 (RLIN) 6734
942 ## - ADDED ENTRY ELEMENTS (KOHA)
Source of classification or shelving scheme Library of Congress Classification
Koha item type Reserved Books
Holdings
Withdrawn status Lost status Source of classification or shelving scheme Damaged status Not for loan Collection code Home library Current library Shelving location Date acquired Source of acquisition Cost, normal purchase price Total Checkouts Full call number Barcode Date last seen Copy number Cost, replacement price Price effective from Koha item type
    Library of Congress Classification     Non-fiction Taytay College Library Taytay College Library Reserve Section 03/16/2026 Purchased 7587.00   QP34.5 .H8801 2024 URSTAY-6072 03/16/2026 1 7587.00 03/16/2026 Reserved Books

University of Rizal System
Email us at univlibservices@urs.edu.ph

Visit our Website www.urs.edu.ph/library